1032 1797 1400 1324 1982 1970 1497 1652 1770 1105 1354 1774 1355 1343 1107 1416 1635 1211 1384 1303 1286 1553 1767 1816 1036 1134 1182 1369 1043 1149 1324 1291 1779 1995 1038 1527 1571 1107 1285 1874 1845 1711 1917 1563 1793 1111 1278 1075 1906 1218 1368 1269 1826 1277 1299 1433 1158 1171 1224 1035 1446 1133 1550 1781 1280 1399 1744 1588 1044 1681 1015 1489 1257 1249 1393 1498 1432 1564 1841 1437 1343 1769 1505 1657 1222 1894 1452 1411 1041 1191 1946 1275 1321 1359 1183 1282 1633 1613 1408 BCNSPRNW ULIB Ver.6.0+V

เปลี่ยนเป็นภาษาไทย

Change to English
 แสดงรายละเอียดบรรณานุกรม
  กลับหน้าหลัก

Brief Record : Get Marc (ISO 2709) : E-mail record : QR code < ปิดหน้าต่าง
LEADER : 00000nam a2200000 a 4500
001    13399114747
003     ULIB
008    090907s2551 th a 000 0 tha d
020    ^a9789740322306
050  4 ^aLB1025.3^bพ721ท
100 0  ^aพิมพันธ์ เดชะคุปต์
245 10 ^aทักษะ 5 C เพื่อการพัฒนาหน่วยการเรียนรู้และการจัดการการเรียนการสอนอิงมาตรฐาน /^cโดยพิมพันธ์ เดชะคุปต์, พเยาว์ ยินดีสุข
250    ^aพิมพ์ครั้งที่ 6 ฉบับปรับปรุง
260    ^aกรุงเทพฯ :^bภาควิชาหลักสูตรการสอนและเทคโนโลยีการศึกษา,^c2551
300    ^a235 หน้า :^bภาพประกอบ,^c21 ซม.
650  4 ^aการสอน
700 0  ^aพเยาว์ ยินดีสุข
710 2  ^aจุฬาลงกรณ์มหาวิทยาลัย. ^bคณะครุศาสตร์.
945    ^p195^l0^i031758
945    ^p195^l0^i031759
945    ^p195^l0^i031760
945    ^p195^l0^i031761
945    ^p195^l0^i031762
945    ^p195^l0^i031763
945    ^p195^l0^i031764
995    ^a เกษร
999 ^a ใช้งานได้ทุกระบบ
รายการนี้ยังไม่มีแท็ก
คุณยังไม่ได้ล็อกอิน คุณสามารถมีกิจกรรมร่วมกับเว็บไซต์ได้ แต่ต้องล็อกอินก่อน ::
  ล็อกอิน

รายการสื่อสารสนเทศ

ลำดับที่ ประเภท เลขเรียก/บาร์โค้ด สถานที่ สถานะ
1. วิทยาศาสตร์การแพทย์ และสุขภาพ
วิทยาศาสตร์การแพทย์ และสุขภาพ
สถานะ=หนังสือเก่า
LB1025.3 พ721ท ฉ.4 
  Barcode: 031761
ห้องสมุดวิทยาเขตสวรรค์ประชารักษ์
►หนังสือทั่วไป
ถูกยืม กำหนดส่งวันที่ 11 กรกฎาคม 2568
  จอง

รายการใกล้เคียง
    ผู้แต่ง [พิมพันธ์ เดชะคุปต์]

    หัวเรื่อง [การสอน]

BibComment


ยังไม่เคยถูกคอมเมนท์

คอมเมนท์ทรัพยากรรายการนี้
  คอมเมนท์: ทักษะ 5 C เพื่อก..


 Copyright 2026. Bcnsprnw @Library